Indology: (Record no. 164727)

MARC details
000 -LEADER
fixed length control field 00452nam a22001697a 4500
005 - DATE AND TIME OF LATEST TRANSACTION
control field 20190525121618.0
010 ## - LCCN (DPL NO)
LC control number B-091294
020 ## - INTERNATIONAL STANDARD BOOK NUMBER
International Standard Book Number 8126014121
Terms of availability 200.00
035 ## - SYSTEM CONTROL NUMBER
System control number B-091294
037 ## - SOURCE OF ACQUISITION
Source of stock number/acquisition Sahitya Akademi
082 ## - DEWEY DECIMAL CLASSIFICATION NUMBER
Classification number 954
245 ## - TITLE STATEMENT
Title Indology:
Remainder of title past, present and future /
Statement of responsibility, etc Saroja Bhate
260 ## - PUBLICATION, DISTRIBUTION, ETC. (IMPRINT)
Place of publication, distribution, etc New Delhi
Name of publisher, distributor, etc Sahitya Akademi
300 ## - PHYSICAL DESCRIPTION
Extent 237p.
Dimensions 22cm(hbk)
700 ## - ADDED ENTRY--PERSONAL NAME
Personal name Bhate, Saroja
942 ## - ADDED ENTRY ELEMENTS (KOHA)
Source of classification or shelving scheme Dewey Decimal Classification
Item type English Books
Classification part 954
Call number suffix IND
Holdings
Withdrawn status Lost status Not for loan Collection code Home library Current library Date acquired Full call number Barcode Koha item type
      Non-fiction Sarojini Nagar Sarojini Nagar 25/05/2019 954 IND B-091294 English Books

© Delhi Public Library
Hit Counter
free hit counter